Statistics for Most Populous Countries in 1900

Click here to take the quiz!

General Stats

  • This quiz has been taken 92,453 times
    (54,213 since last reset)
  • The average score is 17 of 22

Answer Stats

PopulationCountry or Empire% Correct
415 mChina
99%
384 mBritish Empire
98%
89.6 mUnited States
98%
137 mRussia
97%
78.9 mFrench Empire
96%
67.1 mGermany
94%
18.7 mSpain
93%
42.0 mJapan
90%
17.0 mBrazil
90%
32.0 mItaly
89%
12.1 mMexico
88%
12.5 mPortuguese Empire
81%
51.3 mDutch Empire
73%
51.4 mAustria-Hungary
73%
5.8 mArgentina
73%
30.9 mOttoman Empire
71%
7.0 mPersia
66%
6.1 mBelgium
61%
7.2 mSiam
52%
12.0 mKorea
51%
6.6 mRomania
35%
8.1 mMorocco
20%

Score Distribution

Percentile by Number Answered

Percent of People with Each Score

Your Score History

You have not taken this quiz since the last reset